Sports Quiz

Random Sports or NFL Quiz

Which Teams Did He Play For? (NFL QB's) Quiz Stats

 Plays Quiz Updated Dec 5, 2016

Support Sporcle.
Go Orange.
Score 0/54 Timer 10:00
1 Play Today
% Correct
49ers
94.7%
49ers
88.2%
Bills
86.4%
Rams
85.7%
49ers
83.6%
Broncos
82.4%
Dolphins
82.1%
Oilers
80.3%
Eagles
79.4%
Cardinals
77.8%
Broncos
76.4%
Vikings
76.1%
Bengals
73.2%
Bills
73.1%
Patriots
73%
Vikings
72.9%
Cardinals
70.7%
Patriots
70.7%
Vikings
68.9%
Jaguars
66.1%
Redskins
65.9%
Bengals
62.6%
Eagles
62.2%
Eagles
61.8%
Buccaneers
61.3%
Dolphins
59.8%
Jets
59.3%
% Correct
Chiefs
58%
Vikings
56.9%
Cowboys
56.8%
Cardinals
56.8%
Eagles
56.5%
Giants
54%
Bills
51.3%
Redskins
50.4%
Jets
49.7%
Saints
49.2%
Chiefs
49.1%
Buccaneers
47.2%
Chargers
46.9%
Bears
45.2%
Browns
43.6%
Bears
43.5%
Jets
41.4%
Ravens
40.5%
Lions
40.3%
Cowboys
39.7%
Seahawks
39.6%
Ravens
35.6%
Cardinals
35.4%
Raiders
33%
Saints
31.9%
Lions
29.2%
Packers
28.7%

You're not logged in!

Compare scores with friends on all Sporcle quizzes.
OR
Log In

From the Vault

Organ Transplants

by Derek

Here is hoping that this quiz is as close as I ever need to get to having a working knowledge of this type of information.
Remove Ads.
Support Sporcle.
Get the best of Sporcle when you Go Orange. This ad-free experience offers more features, more stats, and more fun while also helping to support Sporcle. Thank you for becoming a member.

Show Comments

Extras

Top Quizzes Today


Score Distribution

Your Account Isn't Verified!

In order to create a playlist on Sporcle, you need to verify the email address you used during registration. Go to your Sporcle Settings to finish the process.

Report this User

Report this user for behavior that violates our Community Guidelines.

Details: